01455 a2200205 45000010003000000050017000030080041000200030015000610400040000760800033001162450050001490200022001992500012002212640042002333000028002755050796003031000020010997000022011198560108011413920260407155404.0260407a2001 arg spa dAR-UNSa-BCEJYS aAR-UNSa-BCEJYSbspacAR-UNSa-BCEJYS a330.101.542xMicroeconomía10aMicroeconomíapversión para Latinoamerica a978-968-444-442-3 a5a. ed. 1aMéxico :bPearson Educaciónc2001 axxxviii, 541 p.c25 cm. a1. ¿Qué es la economía? - 2. Elaboración y utilización de gráficas - 3. El problema económico - 4. Oferta y demanda - 5. La elasticidad - 6. Eficiencia y equidad - 7. Los mercados en la práctica - 8. Utilidad y demanda - 9. Posibilidades, preferencias y elecciones - 10. Organización de la producción - 11. Producción y costos - 12. Competencia perfecta - 13. Monopolio - 14. Competencia monopolística y oligopolio - 15. Demanda y oferta en mercado de factores - 16. Mercado de trabajo - 17. Desigualdad, redistribución y atención médica - 18. Fallas de mercado y elección pública - 19. Regulación y legislación antimonopolio - 20. Las externalidades, el medio ambiente y el conocimiento - 21. Incertidumbre e información - 22. El comercio en el mundo 1 aParkin, Michael1 aEsquivel, Gerardo41uhttps://biblioeco.unsa.edu.ar/pmb/images/libros/Microeconomia-l86515.jpgyImagen de portadaqimage/jpeg